| 000 | 00000nam 2200000zi 4500 |
| 001 | 9.934220 |
| 003 | CaOODSP |
| 005 | 20250124094828 |
| 006 | m o d f |
| 007 | cr bn||||||||| |
| 008 | 240220e19790330oncabd ob f000 0 eng d |
| 040 | |aCaOODSP|beng|erda|cCaOODSP |
| 043 | |an-cn---|an-us--- |
| 086 | 1 |aId33-17/1979E-PDF |
| 245 | 00|aComparative construction costs between Canada and the United States for manufacturing facilities / |cby Hanscomb Roy Associates; in association with Lockwood Greene Engineers Inc. and NORR/SH & G Limited. |
| 264 | 1|aOttawa : |bDepartment of Industry, Trade and Commerce, |cMarch 30, 1979. |
| 300 | |a1 online resource (126 pages) : |billustrations, graph, map |
| 336 | |atext|btxt|2rdacontent |
| 337 | |acomputer|bc|2rdamedia |
| 500 | |aDigitized edition from print [produced by Innovation, Science and Economic Development Canada]. |
| 504 | |aIncludes bibliographical references. |
| 650 | 0|aConstruction industry|zCanada|xCosts. |
| 650 | 0|aConstruction industry|zUnited States|xCosts. |
| 650 | 0|aFactories|zCanada|xDesign and construction|xCosts. |
| 650 | 0|aFactories|zUnited States|xDesign and construction|xCosts. |
| 650 | 6|aConstruction|xIndustrie|zCanada|xCoût. |
| 650 | 6|aConstruction|xIndustrie|zÉtats-Unis|xCoût. |
| 650 | 6|aUsines|zCanada|xConception et construction|xCoût. |
| 650 | 6|aUsines|zÉtats-Unis|xConception et construction|xCoût. |
| 710 | 1 |aCanada. |bDepartment of Industry, Trade and Commerce, |eissuing body. |
| 710 | 2 |aHanscomb Roy Associates, |econsultant. |
| 856 | 40|qPDF|s2.23 MB|uhttps://publications.gc.ca/collections/collection_2025/isde-ised/Id33-17-1979-eng.pdf |